Vainqueur(e)s des WTT Grand Smash au tennis de table - Statistiques

Statistiques générales
  • Ce quiz a été pris 32 fois
  • Le résultat moyen est 10 sur 19
Statistiques - réponses
# Pays Vainqueur(e)s % Correct
15 Wang Chuqin
100%
1 Truls Möregårdh
92%
8 Lin Shidong
88%
12 Sun Yingsha
88%
9 Wang Manyu
88%
4 Fan Zhendong
84%
7 Kuai Man
68%
2 Ma Long
64%
1 Chen Xingtong
56%
1 Wang Yidi
56%
1 Liang Jingkun
48%
4 Chen Meng
44%
1 Zhu Yuling
40%
1 Lim Jong-hoon
28%
1 Lin Gaoyuan
28%
1 An Jae-hyun
24%
1 Chan Baldwin
16%
1 Wong Chun Ting
16%
1 Qian Tianyi
4%
Aucun quiz correspondant
Distribution des résultats
% des personnes avec chaque résultat
Percentile par nombre de réponses
Votre historique - résultats
Vous n’avez pas pris ce quiz